<?xml version="1.0" encoding="UTF-8"?><record xmlns="http://www.loc.gov/MARC21/slim" xmlns:zs="http://docs.oasis-open.org/ns/search-ws/sruResponse">
  <leader>02998cam a22006135a 4500</leader>
  <controlfield tag="001">12750263</controlfield>
  <controlfield tag="005">20250606192810.2</controlfield>
  <controlfield tag="008">020422s1696    cc a          000 0 chi d</controlfield>
  <datafield ind1=" " ind2=" " tag="035">
    <subfield code="a">12750263</subfield>
  </datafield>
  <datafield ind1=" " ind2=" " tag="906">
    <subfield code="a">0</subfield>
    <subfield code="b">ibc</subfield>
    <subfield code="c">copycat</subfield>
    <subfield code="d">2</subfield>
    <subfield code="e">ncip</subfield>
    <subfield code="f">20</subfield>
    <subfield code="g">y-rlinjack</subfield>
  </datafield>
  <datafield ind1=" " ind2=" " tag="955">
    <subfield code="i">yb01 2002-04-22</subfield>
    <subfield code="h">th78 2016-02-09</subfield>
  </datafield>
  <datafield ind1=" " ind2=" " tag="955">
    <subfield code="a">LCAP batch update 2025-06-01-04:00: LCAPM-644</subfield>
  </datafield>
  <datafield ind1=" " ind2=" " tag="010">
    <subfield code="a">  2002534058</subfield>
    <subfield code="z">ltf58004177 </subfield>
  </datafield>
  <datafield ind1=" " ind2=" " tag="035">
    <subfield code="a">(CStRLIN)DCLP02-B4707</subfield>
  </datafield>
  <datafield ind1=" " ind2=" " tag="040">
    <subfield code="a">ChpBU</subfield>
    <subfield code="c">CStRLIN</subfield>
    <subfield code="d">CStRLIN</subfield>
    <subfield code="d">DLC-R</subfield>
    <subfield code="d">DLC</subfield>
  </datafield>
  <datafield ind1=" " ind2=" " tag="042">
    <subfield code="a">lccopycat</subfield>
  </datafield>
  <datafield ind1=" " ind2=" " tag="043">
    <subfield code="a">a-cc-sp</subfield>
  </datafield>
  <datafield ind1="0" ind2="0" tag="050">
    <subfield code="a">DS797.72</subfield>
  </datafield>
  <datafield ind1=" " ind2=" " tag="066">
    <subfield code="c">$1</subfield>
  </datafield>
  <datafield ind1=" " ind2=" " tag="090">
    <subfield code="a">B192 S4 F1 H3 1696</subfield>
  </datafield>
  <datafield ind1="0" ind2="0" tag="245">
    <subfield code="6">880-01</subfield>
    <subfield code="a">Zouping Xian zhi :</subfield>
    <subfield code="b">ba juan /</subfield>
    <subfield code="c">Cheng Suqi xiu ji.</subfield>
  </datafield>
  <datafield ind1="0" ind2="0" tag="880">
    <subfield code="6">245-01/$1</subfield>
    <subfield code="a">鄒平縣志 :</subfield>
    <subfield code="b">八卷 /</subfield>
    <subfield code="c">程素期修輯.</subfield>
  </datafield>
  <datafield ind1=" " ind2=" " tag="260">
    <subfield code="6">880-02</subfield>
    <subfield code="a">[Zouping? :</subfield>
    <subfield code="b">s.n.],</subfield>
    <subfield code="c">Qing Kangxi 35 nian [1696]</subfield>
  </datafield>
  <datafield ind1=" " ind2=" " tag="880">
    <subfield code="6">260-02/$1</subfield>
    <subfield code="a">[鄒平? :</subfield>
    <subfield code="b">s.n.],</subfield>
    <subfield code="c">清康熙 35年 [1696]</subfield>
  </datafield>
  <datafield ind1=" " ind2=" " tag="300">
    <subfield code="a">4 v. :</subfield>
    <subfield code="b">ill. ;</subfield>
    <subfield code="c">24 cm.</subfield>
  </datafield>
  <datafield ind1=" " ind2=" " tag="336">
    <subfield code="a">text</subfield>
    <subfield code="b">txt</subfield>
    <subfield code="2">rdacontent</subfield>
  </datafield>
  <datafield ind1=" " ind2=" " tag="337">
    <subfield code="a">unmediated</subfield>
    <subfield code="b">n</subfield>
    <subfield code="2">rdamedia</subfield>
  </datafield>
  <datafield ind1=" " ind2=" " tag="338">
    <subfield code="a">volume</subfield>
    <subfield code="b">nc</subfield>
    <subfield code="2">rdacarrier</subfield>
  </datafield>
  <datafield ind1=" " ind2=" " tag="880">
    <subfield code="6">500-00/$1</subfield>
    <subfield code="a">框19 x 14.7公分, 全書高23.3寬16.2公分, 10行20字, 白口, 四周單邊, 單黑魚尾. 版心上鐫書名, 中鐫卷次及細目.</subfield>
  </datafield>
  <datafield ind1=" " ind2=" " tag="880">
    <subfield code="6">500-00/$1</subfield>
    <subfield code="a">康熙三十五年李興祖"重修鄒平縣誌序", 康熙三十四年(1695)自序.</subfield>
  </datafield>
  <datafield ind1=" " ind2=" " tag="880">
    <subfield code="6">500-00/$1</subfield>
    <subfield code="a">鈐印二: "濰高翰生收輯山東全省府州縣志印記"白文方印, "南澗居士"朱文方印.</subfield>
  </datafield>
  <datafield ind1=" " ind2=" " tag="880">
    <subfield code="6">500-00/$1</subfield>
    <subfield code="a">無書名葉。版心上題"鄒平縣志"，中題卷次及篇名，下題每卷頁碼。正文額題"鄒平縣誌卷一"，下署"鄒平縣令天都程素期修輯"。正文前有康熙三十五年（1696）劉謙吉序，同年李興祖重修序，康熙三十四年（1695）程素期重修序，順治十六年（1659）施閏章舊序，程素期凡例，修志姓氏，目錄.</subfield>
  </datafield>
  <datafield ind1=" " ind2=" " tag="530">
    <subfield code="a">Also available in digital form on the Library of Congress Web site.</subfield>
  </datafield>
  <datafield ind1="1" ind2=" " tag="541">
    <subfield code="d">July 14, 1933</subfield>
    <subfield code="e">440206.</subfield>
    <subfield code="5">DLC</subfield>
  </datafield>
  <datafield ind1=" " ind2=" " tag="590">
    <subfield code="a">In case.</subfield>
  </datafield>
  <datafield ind1=" " ind2="7" tag="650">
    <subfield code="6">880-04</subfield>
    <subfield code="a">Shi bu</subfield>
    <subfield code="x">Di li lei</subfield>
    <subfield code="x">Fang zhi.</subfield>
    <subfield code="2">sk</subfield>
  </datafield>
  <datafield ind1=" " ind2="4" tag="880">
    <subfield code="6">650-04/$1</subfield>
    <subfield code="a">史部</subfield>
    <subfield code="x">地理類</subfield>
    <subfield code="x">方志.</subfield>
    <subfield code="2">sk</subfield>
  </datafield>
  <datafield ind1=" " ind2="0" tag="651">
    <subfield code="6">880-03</subfield>
    <subfield code="a">Zouping Xian (China)</subfield>
    <subfield code="x">History.</subfield>
  </datafield>
  <datafield ind1=" " ind2="4" tag="880">
    <subfield code="6">651-03/$1</subfield>
    <subfield code="a">鄒平縣 (China)</subfield>
    <subfield code="x">History.</subfield>
  </datafield>
  <datafield ind1="1" ind2=" " tag="700">
    <subfield code="6">880-05</subfield>
    <subfield code="a">Cheng, Suqi,</subfield>
    <subfield code="d">active 1695,</subfield>
    <subfield code="e">xiu ji.</subfield>
  </datafield>
  <datafield ind1="1" ind2=" " tag="880">
    <subfield code="6">700-05/$1</subfield>
    <subfield code="a">程素期,</subfield>
    <subfield code="d">active 1695,</subfield>
    <subfield code="e">修輯.</subfield>
  </datafield>
  <datafield ind1="1" ind2=" " tag="700">
    <subfield code="6">880-06</subfield>
    <subfield code="a">Liu, Qianji,</subfield>
    <subfield code="d">active 1696,</subfield>
    <subfield code="e">xu.</subfield>
  </datafield>
  <datafield ind1="1" ind2=" " tag="880">
    <subfield code="6">700-06/$1</subfield>
    <subfield code="a">劉謙吉,</subfield>
    <subfield code="d">active 1696,</subfield>
    <subfield code="e">序.</subfield>
  </datafield>
  <datafield ind1="1" ind2=" " tag="700">
    <subfield code="6">880-07</subfield>
    <subfield code="a">Li, Xingzu,</subfield>
    <subfield code="d">active 1693,</subfield>
    <subfield code="e">chong xiu,</subfield>
    <subfield code="e">xu.</subfield>
  </datafield>
  <datafield ind1="1" ind2=" " tag="880">
    <subfield code="6">700-07/$1</subfield>
    <subfield code="a">李興祖,</subfield>
    <subfield code="d">active 1693,</subfield>
    <subfield code="e">重修,</subfield>
    <subfield code="e">序.</subfield>
  </datafield>
  <datafield ind1="1" ind2=" " tag="700">
    <subfield code="6">880-08</subfield>
    <subfield code="a">Shi, Runzhang,</subfield>
    <subfield code="d">1619-1683,</subfield>
    <subfield code="e">xu.</subfield>
  </datafield>
  <datafield ind1="1" ind2=" " tag="880">
    <subfield code="6">700-08/$1</subfield>
    <subfield code="a">施閏章,</subfield>
    <subfield code="d">1619-1683,</subfield>
    <subfield code="e">序.</subfield>
  </datafield>
  <datafield ind1="2" ind2=" " tag="710">
    <subfield code="a">Chinese Rare Book Collection (Library of Congress)</subfield>
    <subfield code="5">DLC</subfield>
  </datafield>
  <datafield ind1="4" ind2="1" tag="856">
    <subfield code="d">lcnclscd</subfield>
    <subfield code="f">2002534058</subfield>
    <subfield code="u">https://hdl.loc.gov/loc.asian/lcnclscd.2002534058</subfield>
  </datafield>
  <datafield ind1=" " ind2=" " tag="985">
    <subfield code="a">asian/lcnclscd</subfield>
  </datafield>
  <datafield ind1=" " ind2=" " tag="985">
    <subfield code="e">LCNCL</subfield>
  </datafield>
  <datafield ind1=" " ind2=" " tag="985">
    <subfield code="e">CHRBB</subfield>
  </datafield>
  <datafield ind1=" " ind2=" " tag="985">
    <subfield code="a">spacingreload</subfield>
  </datafield>
  <datafield ind1=" " ind2=" " tag="985">
    <subfield code="a">asian/asiancrb</subfield>
  </datafield>
</record>
